| 000 | 00526pam a2200181 a 4500 | ||
|---|---|---|---|
| 020 | _a0697278220 (hardcover : alk. paper) | ||
| 020 | _a0697278212 (paper : alk. paper) | ||
| 040 | _cDLC | ||
| 082 | 0 | 0 | _a612 WCB 1998 A042 A042 Or. |
| 100 | 1 | _aMader, Sylvia S. | |
| 245 | 1 | 0 | _aHuman biology / |
| 250 | _a5th ed. | ||
| 260 |
_aBoston, Mass. : _bWCB/McGraw-Hill, _cc1998. |
||
| 300 |
_a1 v. (various pagings) : _bill. (some col.), col. map ; _c28 cm. |
||
| 500 | _aIncludes index. | ||
| 650 | 0 | _aHuman biology. | |
| 942 | _cEK | ||
| 999 |
_c12441 _d12441 |
||